000 00643nam a22001817a 4500
003 AUA.1
005 20251027123937.0
008 250701b |||||||| |||| 00| 0 eng d
040 _cJTL
100 _aBrefo, Eric Atakorah
245 _aEnhancing sabbath worship experience :
_bA case study of pastoral leadership among Sea-View Seventh-day Adventist members in Ghana /
_cEric Atakorah Brefo.
260 _cc2024.
300 _avii, 88 leaves :
_bIllustrations :
_c30cm.
610 _aSea-View Seventh-day Adventist Church
_zGhana
650 _aSabbath
650 _aWorship programs
942 _2aua
_cPROJECT
_hMDiv
_i.B74 2024
999 _c25124
_d25124